000
00307nam a2200133Ia 4500
005
20251222141853.0
008
251222s9999||||xx |||||||||||||| ||spa||
020
_a
978-9972-33-519-8
082
_a
709.011.385/B24
100
_a
Barco, Martín
245
0
_a
Checta:
264
_b
Martín Barco
942
_c
LIB
999
_c
7781
_d
7781